[Event "Deutsche Ländermeisterschaft 2020"]
[Site "Berlin GER"]
[Date "2020.10.03"]
[Round "6"]
[White "Hecht, Jonas Christian"]
[Black "Schubert, Nikita"]
[Result "1-0"]
[Termination "normal"]
[Board "4.4"]
[WhiteElo "1764"]
[BlackElo "1946"]
[WhiteClock "00:48:34"]
[BlackClock "00:01:37"]
[WhiteTeam "Baden"]
[BlackTeam "Thüringen"]
[PlyCount "143"]
[WhiteFideId "16214846"]
[BlackFideId "16212339"]
[EventCountry "GER"]
[EventRounds "7"]
[EventType "team-swiss"]
[EventDate "2020.09.29"]

1. e4 {[%clk 1:30:58]} e5 {[%clk 1:30:51]} 2. Nf3 {[%clk 1:31:25]} Nc6 {[%clk
1:31:13]} 3. d4 {[%clk 1:31:52]} exd4 {[%clk 1:31:17]} 4. Nxd4 {[%clk 1:32:15]}
Nf6 {[%clk 1:31:08]} 5. Nxc6 {[%clk 1:32:39]} bxc6 {[%clk 1:31:12]} 6. e5
{[%clk 1:33:02]} Qe7 7. Qe2 Nd5 8. c4 Ba6 9. b3 g6 10. g3 Bg7 11. Bb2 O-O 12.
Bg2 Rae8 {[%clk 1:23:30]} 13. O-O {[%clk 1:34:36]} Bxe5 {[%clk 1:10:27]} 14.
Bxe5 {[%clk 1:35:00]} Qxe5 {[%clk 1:10:47]} 15. Qxe5 {[%clk 1:35:26]} Rxe5
{[%clk 1:11:09]} 16. cxd5 {[%clk 1:35:51]} Bxf1 {[%clk 1:11:15]} 17. Kxf1
{[%clk 1:36:16]} cxd5 {[%clk 1:10:42]} 18. Nc3 {[%clk 1:36:28]} c6 {[%clk
1:10:22]} 19. Rd1 {[%clk 1:36:42]} Rfe8 {[%clk 1:01:19]} 20. Bf3 {[%clk
1:37:06]} Kf8 {[%clk 0:59:50]} 21. Ne2 {[%clk 1:37:31]} Ke7 {[%clk 0:58:32]}
22. Rd4 {[%clk 1:37:49]} Rb8 {[%clk 0:48:37]} 23. Rh4 {[%clk 1:35:42]} h5
{[%clk 0:48:34]} 24. Ra4 {[%clk 1:35:58]} Rb7 {[%clk 0:47:57]} 25. Nf4 {[%clk
1:34:46]} Kd6 {[%clk 0:39:43]} 26. Nd3 {[%clk 1:34:03]} Re8 {[%clk 0:38:34]}
27. b4 {[%clk 1:32:04]} Ra8 {[%clk 0:33:08]} 28. Ke2 {[%clk 1:30:58]} a5 {[%clk
0:26:03]} 29. Kd2 {[%clk 1:26:04]} Rba7 {[%clk 0:18:29]} 30. b5 {[%clk
1:25:11]} Rb8 {[%clk 0:16:14]} 31. bxc6 {[%clk 1:25:10]} dxc6 {[%clk 0:16:27]}
32. Rf4 {[%clk 1:23:14]} Re8 {[%clk 0:10:21]} 33. h4 {[%clk 1:17:39]} Rb7
{[%clk 0:07:02]} 34. Kc2 {[%clk 1:17:27]} Ree7 {[%clk 0:04:35]} 35. Kc1 {[%clk
1:14:55]} c5 {[%clk 0:03:21]} 36. Kc2 {[%clk 1:11:41]} c4 {[%clk 0:01:57]} 37.
Nb2 {[%clk 1:11:22]} Rb5 {[%clk 0:01:11]} 38. Rd4 {[%clk 1:07:11]} Ke5 {[%clk
0:01:07]} 39. Rd2 {[%clk 1:06:18]} Rc7 {[%clk 0:00:41]} 40. Kc3 {[%clk
0:53:01]} Kd6 {[%clk 0:00:37]} 41. Nd1 {[%clk 0:49:45]} Rd7 {[%clk 0:20:49]}
42. Ne3 {[%clk 1:19:04]} Ke6 {[%clk 0:18:36]} 43. Rd4 {[%clk 1:17:50]} Rd6
{[%clk 0:17:19]} 44. Bg2 {[%clk 1:17:15]} Ke5 {[%clk 0:13:40]} 45. f4+ {[%clk
1:16:20]} Ke6 {[%clk 0:13:32]} 46. Bf3 {[%clk 1:16:24]} f5 {[%clk 0:12:18]} 47.
Bxd5+ {[%clk 1:13:08]} Ke7 {[%clk 0:02:05]} 48. Kxc4 {[%clk 1:12:01]} Rb1
{[%clk 0:02:15]} 49. Rd2 {[%clk 1:10:29]} Re1 {[%clk 0:01:41]} 50. Kd4 {[%clk
1:09:38]} Rg1 {[%clk 0:01:37]} 51. Rd3 {[%clk 1:09:41]} Ra1 {[%clk 0:01:00]}
52. a3 {[%clk 1:09:50]} Rd8 {[%clk 0:01:01]} 53. Nc4 {[%clk 1:09:50]} Rb1
{[%clk 0:01:08]} 54. Ne5 {[%clk 1:08:56]} Kf6 {[%clk 0:01:06]} 55. Rc3 {[%clk
1:05:45]} Rd1+ {[%clk 0:01:03]} 56. Nd3 {[%clk 1:05:26]} Rg1 {[%clk 0:01:31]}
57. Rc6+ {[%clk 1:05:00]} Kg7 {[%clk 0:01:43]} 58. Rc7+ {[%clk 1:01:45]} Kh6
{[%clk 0:01:29]} 59. a4 {[%clk 1:00:12]} Ra1 {[%clk 0:01:09]} 60. Ke5 {[%clk
0:56:37]} Rxa4 {[%clk 0:00:47]} 61. Nc5 {[%clk 0:55:39]} Ra1 {[%clk 0:00:55]}
62. Bc4 {[%clk 0:53:10]} Rb1 {[%clk 0:00:36]} 63. Ne6 {[%clk 0:52:01]} Rdb8
{[%clk 0:00:37]} 64. Ng5 {[%clk 0:50:36]} R1b7 {[%clk 0:00:46]} 65. Rc5 {[%clk
0:49:08]} a4 {[%clk 0:00:54]} 66. Ra5 {[%clk 0:48:33]} Rb4 {[%clk 0:01:00]} 67.
Bd5 {[%clk 0:48:30]} Kg7 {[%clk 0:00:40]} 68. Ra7+ {[%clk 0:47:40]} Kf8 {[%clk
0:01:09]} 69. Rf7+ {[%clk 0:47:43]} Ke8 {[%clk 0:01:12]} 70. Bc6+ {[%clk
0:48:05]} Kd8 {[%clk 0:01:25]} 71. Ne6+ {[%clk 0:48:34]} Kc8 {[%clk 0:01:37]}
72. Rc7# 1-0

[Event "Deutsche Ländermeisterschaft 2020"]
[Site "Berlin GER"]
[Date "2020.10.03"]
[Round "6"]
[White "Nguyen, Ha Thanh"]
[Black "Basovskiy, Jana"]
[Result "1-0"]
[Termination "normal"]
[Board "4.5"]
[WhiteElo "2019"]
[BlackElo "1760"]
[WhiteClock "00:01:33"]
[BlackClock "00:00:39"]
[WhiteTeam "Thüringen"]
[BlackTeam "Baden"]
[PlyCount "83"]
[WhiteFideId "12942154"]
[BlackFideId "16208617"]
[EventCountry "GER"]
[EventRounds "7"]
[EventType "team-swiss"]
[EventDate "2020.09.29"]

1. e4 {[%clk 1:30:56]} c5 {[%clk 1:30:57]} 2. Nf3 {[%clk 1:31:19]} e6 {[%clk
1:31:22]} 3. d4 {[%clk 1:31:36]} cxd4 {[%clk 1:31:48]} 4. Nxd4 {[%clk 1:31:57]}
Nf6 {[%clk 1:32:10]} 5. Bd3 {[%clk 1:31:37]} Nc6 {[%clk 1:31:49]} 6. Nxc6
{[%clk 1:30:04]} bxc6 {[%clk 1:31:58]} 7. Qe2 {[%clk 1:29:34]} d5 {[%clk
1:28:20]} 8. Nd2 {[%clk 1:25:23]} Be7 {[%clk 1:25:15]} 9. O-O {[%clk 1:25:25]}
O-O {[%clk 1:22:34]} 10. b3 {[%clk 1:18:56]} Qc7 {[%clk 1:15:57]} 11. c4 {[%clk
1:04:44]} Bb7 {[%clk 1:02:52]} 12. e5 {[%clk 1:01:51]} Nd7 {[%clk 1:00:11]} 13.
Bb2 {[%clk 1:01:13]} Rfe8 {[%clk 0:54:10]} 14. Rae1 {[%clk 0:53:25]} a5 {[%clk
0:42:31]} 15. Qg4 {[%clk 0:49:53]} Bb4 {[%clk 0:40:05]} 16. Re2 {[%clk
0:47:43]} Qb6 {[%clk 0:27:04]} 17. Nf3 {[%clk 0:44:00]} Nf8 {[%clk 0:22:48]}
18. Bc1 {[%clk 0:40:44]} a4 {[%clk 0:16:26]} 19. Nh4 {[%clk 0:32:09]} axb3
{[%clk 0:11:53]} 20. axb3 {[%clk 0:32:25]} Ra1 {[%clk 0:09:28]} 21. h3 {[%clk
0:20:37]} Rea8 {[%clk 0:08:51]} 22. Kh2 {[%clk 0:20:07]} Be7 {[%clk 0:06:45]}
23. Re3 {[%clk 0:13:35]} Qc7 {[%clk 0:05:10]} 24. Ree1 {[%clk 0:09:37]} g6
{[%clk 0:04:05]} 25. f4 {[%clk 0:06:59]} Bb4 {[%clk 0:03:46]} 26. Rd1 {[%clk
0:05:04]} c5 {[%clk 0:02:57]} 27. Qg3 {[%clk 0:04:53]} d4 {[%clk 0:01:57]} 28.
f5 {[%clk 0:04:38]} exf5 {[%clk 0:01:39]} 29. Nxf5 {[%clk 0:04:54]} Ne6 {[%clk
0:01:26]} 30. Nh6+ {[%clk 0:04:55]} Kh8 {[%clk 0:01:36]} 31. Nxf7+ {[%clk
0:04:17]} Kg8 {[%clk 0:01:57]} 32. Nh6+ {[%clk 0:03:39]} Kh8 {[%clk 0:02:09]}
33. Nf7+ {[%clk 0:04:05]} Kg8 {[%clk 0:02:34]} 34. Nd6 {[%clk 0:04:23]} Rf8
{[%clk 0:01:27]} 35. Rxf8+ {[%clk 0:04:16]} Nxf8 {[%clk 0:01:54]} 36. Rf1
{[%clk 0:04:20]} Bc6 {[%clk 0:01:27]} 37. Qf2 {[%clk 0:03:18]} Qg7 {[%clk
0:01:36]} 38. Qe2 {[%clk 0:02:20]} Qa7 {[%clk 0:01:20]} 39. Nf7 {[%clk
0:01:17]} Ra2 {[%clk 0:01:12]} 40. Nh6+ {[%clk 0:01:24]} Kh8 {[%clk 0:00:37]}
41. Rxf8+ {[%clk 0:01:33]} Kg7 {[%clk 0:00:39]} 42. Rg8# 1-0

[Event "Deutsche Ländermeisterschaft 2020"]
[Site "Berlin GER"]
[Date "2020.10.03"]
[Round "6"]
[White "Schulz, Hannah"]
[Black "Wagner, Margarethe"]
[Result "0-1"]
[Termination "normal"]
[Board "4.6"]
[WhiteElo "1589"]
[BlackElo "1804"]
[WhiteClock "00:35:09"]
[BlackClock "00:22:13"]
[WhiteTeam "Baden"]
[BlackTeam "Thüringen"]
[PlyCount "90"]
[WhiteFideId "16244745"]
[BlackFideId "16236947"]
[EventCountry "GER"]
[EventRounds "7"]
[EventType "team-swiss"]
[EventDate "2020.09.29"]

1. e4 {[%clk 1:30:52]} c5 {[%clk 1:30:52]} 2. Nf3 {[%clk 1:31:17]} d6 {[%clk
1:31:16]} 3. d4 {[%clk 1:31:43]} cxd4 {[%clk 1:31:39]} 4. Nxd4 {[%clk 1:32:09]}
Nf6 {[%clk 1:32:00]} 5. Nc3 {[%clk 1:32:32]} a6 {[%clk 1:32:24]} 6. Be3 {[%clk
1:32:35]} e5 {[%clk 1:32:01]} 7. Nf3 {[%clk 1:32:40]} h6 {[%clk 1:31:11]} 8.
Bc4 {[%clk 1:32:25]} Be7 {[%clk 1:30:12]} 9. Bb3 {[%clk 1:19:58]} Nbd7 {[%clk
1:27:28]} 10. a4 {[%clk 1:17:05]} b6 {[%clk 1:26:24]} 11. O-O {[%clk 1:12:15]}
Bb7 {[%clk 1:24:42]} 12. Qd3 {[%clk 1:10:13]} Qc7 {[%clk 1:22:19]} 13. Rfd1
{[%clk 1:05:30]} O-O {[%clk 1:20:38]} 14. Rac1 {[%clk 1:03:44]} Rfd8 {[%clk
1:15:17]} 15. Nd5 {[%clk 1:02:02]} Nxd5 {[%clk 1:10:25]} 16. Bxd5 {[%clk
1:02:06]} Bxd5 {[%clk 1:08:12]} 17. Qxd5 {[%clk 1:02:07]} Rab8 {[%clk 1:05:24]}
18. c4 {[%clk 0:59:29]} Nf6 {[%clk 1:04:44]} 19. Qd3 {[%clk 0:57:38]} Qb7
{[%clk 1:03:41]} 20. Nd2 {[%clk 0:57:09]} b5 {[%clk 0:59:05]} 21. axb5 {[%clk
0:48:25]} axb5 {[%clk 0:59:22]} 22. f3 {[%clk 0:47:19]} bxc4 {[%clk 0:55:55]}
23. Nxc4 {[%clk 0:46:39]} Qb5 {[%clk 0:48:44]} 24. Rb1 {[%clk 0:36:27]} Kf8
{[%clk 0:39:34]} 25. Na3 {[%clk 0:34:33]} Qxd3 {[%clk 0:38:24]} 26. Rxd3 {[%clk
0:34:42]} d5 {[%clk 0:38:22]} 27. exd5 {[%clk 0:34:47]} Rxd5 {[%clk 0:37:46]}
28. Rc3 {[%clk 0:30:01]} Ke8 {[%clk 0:29:49]} 29. Nc4 {[%clk 0:26:06]} Nd7
{[%clk 0:22:29]} 30. b3 {[%clk 0:21:48]} Rdb5 {[%clk 0:20:13]} 31. Kf2 {[%clk
0:19:47]} f5 {[%clk 0:16:25]} 32. Ke2 {[%clk 0:14:12]} Nf6 {[%clk 0:13:51]} 33.
f4 {[%clk 0:09:42]} Nd5 {[%clk 0:12:28]} 34. Rc2 {[%clk 0:07:45]} Nxf4+ {[%clk
0:07:32]} 35. Bxf4 {[%clk 0:07:35]} exf4 {[%clk 0:07:56]} 36. Rcb2 {[%clk
0:07:40]} Kf7 {[%clk 0:07:35]} 37. Kd3 {[%clk 0:06:57]} g5 {[%clk 0:06:44]} 38.
Nd2 {[%clk 0:06:01]} g4 {[%clk 0:05:06]} 39. Rf1 {[%clk 0:05:39]} Rb4 {[%clk
0:03:27]} 40. h3 {[%clk 0:05:10]} Bf6 {[%clk 0:02:28]} 41. Rbb1 {[%clk
0:05:02]} Kg6 {[%clk 0:26:49]} 42. hxg4 {[%clk 0:34:48]} fxg4 {[%clk 0:26:58]}
43. Ke2 {[%clk 0:34:56]} Re8+ {[%clk 0:23:09]} 44. Kd3 {[%clk 0:34:47]} Rd4+
{[%clk 0:22:41]} 45. Kc2 {[%clk 0:35:09]} Re2 {[%clk 0:22:13]} 0-1

[Event "Deutsche Ländermeisterschaft 2020"]
[Site "Berlin GER"]
[Date "2020.10.03"]
[Round "6"]
[White "Göpfert, Gregor"]
[Black "Kiefhaber, Tobias"]
[Result "0-1"]
[Termination "normal"]
[Board "4.7"]
[WhiteElo "1603"]
[BlackElo "1542"]
[WhiteClock "00:40:42"]
[BlackClock "00:03:10"]
[WhiteTeam "Thüringen"]
[BlackTeam "Baden"]
[PlyCount "82"]
[WhiteFideId "34603964"]
[BlackFideId "16240693"]
[EventCountry "GER"]
[EventRounds "7"]
[EventType "team-swiss"]
[EventDate "2020.09.29"]

1. e4 {[%clk 1:30:58]} c6 {[%clk 1:30:52]} 2. d4 {[%clk 1:31:23]} d5 {[%clk
1:31:08]} 3. e5 {[%clk 1:31:30]} Bf5 {[%clk 1:31:11]} 4. h4 {[%clk 1:31:44]} h5
{[%clk 1:31:31]} 5. Bd3 {[%clk 1:31:12]} Bxd3 {[%clk 1:31:40]} 6. Qxd3 {[%clk
1:31:33]} e6 {[%clk 1:31:48]} 7. Bg5 {[%clk 1:31:44]} Ne7 {[%clk 1:30:57]} 8.
Ne2 {[%clk 1:30:04]} Qc7 {[%clk 1:28:21]} 9. Ng3 {[%clk 1:27:32]} Nd7 {[%clk
1:25:47]} 10. O-O {[%clk 1:26:38]} O-O-O {[%clk 1:24:44]} 11. Qf3 {[%clk
1:20:49]} f6 {[%clk 1:03:16]} 12. exf6 {[%clk 1:19:40]} gxf6 {[%clk 1:03:30]}
13. Bxf6 {[%clk 1:19:24]} Nxf6 {[%clk 1:03:47]} 14. Qxf6 {[%clk 1:19:39]} Rh6
{[%clk 1:03:46]} 15. Qf3 {[%clk 1:10:12]} Ng6 {[%clk 1:02:12]} 16. Nd2 {[%clk
1:07:51]} Nxh4 {[%clk 1:00:22]} 17. Qe3 {[%clk 1:07:33]} Nf5 {[%clk 0:56:15]}
18. Nxf5 {[%clk 1:06:45]} exf5 {[%clk 0:56:26]} 19. Nf3 {[%clk 1:04:30]} h4
{[%clk 0:52:03]} 20. Qg5 {[%clk 0:57:00]} Qh7 {[%clk 0:36:10]} 21. Rae1 {[%clk
0:51:52]} Bd6 {[%clk 0:29:18]} 22. Ne5 {[%clk 0:45:39]} Rg8 {[%clk 0:19:51]}
23. Qe3 {[%clk 0:45:25]} Bxe5 {[%clk 0:18:57]} 24. Qxe5 {[%clk 0:43:53]} Qg6
{[%clk 0:18:18]} 25. Qh2 {[%clk 0:42:21]} h3 {[%clk 0:17:09]} 26. g3 {[%clk
0:42:24]} f4 {[%clk 0:17:24]} 27. Re2 {[%clk 0:41:07]} fxg3 {[%clk 0:16:41]}
28. fxg3 {[%clk 0:41:21]} Qxg3+ {[%clk 0:15:44]} 29. Qxg3 {[%clk 0:41:34]}
Rxg3+ {[%clk 0:16:04]} 30. Kh2 {[%clk 0:41:57]} Rhg6 {[%clk 0:13:24]} 31. Ref2
{[%clk 0:40:44]} Kc7 {[%clk 0:11:34]} 32. b3 {[%clk 0:39:37]} b5 {[%clk
0:10:08]} 33. a3 {[%clk 0:38:30]} Kb6 {[%clk 0:05:00]} 34. Rf3 {[%clk 0:38:27]}
Rxf3 {[%clk 0:04:23]} 35. Rxf3 {[%clk 0:38:56]} Rg2+ {[%clk 0:04:26]} 36. Kxh3
{[%clk 0:39:15]} Rxc2 {[%clk 0:04:26]} 37. b4 {[%clk 0:39:35]} a5 {[%clk
0:04:05]} 38. Kg4 {[%clk 0:39:34]} axb4 {[%clk 0:03:55]} 39. axb4 {[%clk
0:40:02]} Rb2 {[%clk 0:03:42]} 40. Kf4 {[%clk 0:40:24]} Rxb4 {[%clk 0:03:57]}
41. Ke5 {[%clk 0:40:42]} Rc4 {[%clk 0:03:10]} 0-1

[Event "Deutsche Ländermeisterschaft 2020"]
[Site "Berlin GER"]
[Date "2020.10.03"]
[Round "6"]
[White "Matthes, Aaron"]
[Black "Hesse, Henrik"]
[Result "1-0"]
[Termination "normal"]
[Board "5.1"]
[WhiteElo "2198"]
[BlackElo "2242"]
[WhiteClock "00:49:29"]
[BlackClock "00:00:33"]
[WhiteTeam "Brandenburg"]
[BlackTeam "Berlin"]
[PlyCount "73"]
[WhiteFideId "16227310"]
[BlackFideId "12952060"]
[EventCountry "GER"]
[EventRounds "7"]
[EventType "team-swiss"]
[EventDate "2020.09.29"]

1. d4 {[%clk 1:30:54]} Nf6 {[%clk 1:30:42]} 2. Bg5 {[%clk 1:31:08]} d5 {[%clk
1:30:40]} 3. Bxf6 {[%clk 1:31:32]} gxf6 {[%clk 1:30:32]} 4. e3 {[%clk 1:31:57]}
c5 {[%clk 1:29:33]} 5. dxc5 {[%clk 1:32:10]} e6 {[%clk 1:23:43]} 6. Nf3 {[%clk
1:32:10]} Bxc5 {[%clk 1:22:38]} 7. Be2 {[%clk 1:32:33]} Nc6 {[%clk 1:21:55]} 8.
O-O {[%clk 1:32:54]} O-O {[%clk 1:19:37]} 9. c4 {[%clk 1:33:20]} dxc4 {[%clk
1:15:13]} 10. Qc2 {[%clk 1:33:45]} b6 {[%clk 1:04:53]} 11. Qxc4 {[%clk
1:33:49]} Bb7 {[%clk 0:59:21]} 12. Nc3 {[%clk 1:31:31]} f5 {[%clk 0:53:59]} 13.
Rfd1 {[%clk 1:29:30]} Qf6 {[%clk 0:33:03]} 14. Rd7 {[%clk 1:23:24]} Na5 {[%clk
0:32:28]} 15. Qf4 {[%clk 1:20:52]} Rfd8 {[%clk 0:26:20]} 16. Rad1 {[%clk
1:15:02]} Rxd7 {[%clk 0:24:39]} 17. Rxd7 {[%clk 1:15:26]} Bxf3 {[%clk 0:08:45]}
18. Bxf3 {[%clk 1:15:11]} Rd8 {[%clk 0:09:02]} 19. Ne4 {[%clk 1:05:39]} fxe4
{[%clk 0:06:06]} 20. Qxf6 {[%clk 1:06:00]} Rxd7 {[%clk 0:06:28]} 21. Bh5 {[%clk
1:05:13]} Bf8 {[%clk 0:05:43]} 22. Qc3 {[%clk 1:03:36]} Rd5 {[%clk 0:04:26]}
23. g4 {[%clk 1:02:39]} Rd7 {[%clk 0:00:43]} 24. h4 {[%clk 1:00:10]} Nb7 {[%clk
0:00:56]} 25. Qc6 {[%clk 1:00:10]} Rd1+ {[%clk 0:01:21]} 26. Kg2 {[%clk
1:00:35]} Nd6 {[%clk 0:01:42]} 27. Qd7 {[%clk 1:00:08]} Rb1 {[%clk 0:01:53]}
28. b3 {[%clk 0:56:56]} a5 {[%clk 0:02:19]} 29. g5 {[%clk 0:50:41]} Rb2 {[%clk
0:02:22]} 30. Bg4 {[%clk 0:51:01]} Rxa2 {[%clk 0:01:04]} 31. h5 {[%clk
0:50:32]} Rc2 {[%clk 0:00:34]} 32. Bxe6 {[%clk 0:47:34]} fxe6 {[%clk 0:00:41]}
33. g6 {[%clk 0:48:01]} hxg6 {[%clk 0:00:34]} 34. hxg6 {[%clk 0:48:27]} Bg7
{[%clk 0:00:31]} 35. Qxd6 {[%clk 0:48:42]} Rc5 {[%clk 0:00:32]} 36. Qxe6+
{[%clk 0:49:04]} Kh8 {[%clk 0:00:33]} 37. Qe8+ {[%clk 0:49:29]} 1-0

[Event "Deutsche Ländermeisterschaft 2020"]
[Site "Berlin GER"]
[Date "2020.10.03"]
[Round "6"]
[White "Tiarks, Jann-Christian"]
[Black "Mätzkow, Maximilian Paul"]
[Result "0-1"]
[Termination "normal"]
[Board "5.3"]
[WhiteTitle "CM"]
[BlackTitle "FM"]
[WhiteElo "2151"]
[BlackElo "2242"]
[WhiteClock "00:13:37"]
[BlackClock "00:19:22"]
[WhiteTeam "Brandenburg"]
[BlackTeam "Berlin"]
[PlyCount "66"]
[WhiteFideId "12951595"]
[BlackFideId "24679933"]
[EventCountry "GER"]
[EventRounds "7"]
[EventType "team-swiss"]
[EventDate "2020.09.29"]

1. e4 {[%clk 1:30:57]} c5 {[%clk 1:30:57]} 2. Nf3 {[%clk 1:31:17]} d6 {[%clk
1:31:19]} 3. Bb5+ {[%clk 1:31:39]} Bd7 {[%clk 1:31:20]} 4. c4 {[%clk 1:32:01]}
Nf6 {[%clk 1:31:08]} 5. Nc3 {[%clk 1:32:24]} g6 {[%clk 1:30:42]} 6. d4 {[%clk
1:32:32]} Bxb5 {[%clk 1:31:01]} 7. cxb5 {[%clk 1:32:51]} cxd4 {[%clk 1:31:28]}
8. Nxd4 {[%clk 1:33:13]} Bg7 {[%clk 1:31:54]} 9. O-O {[%clk 1:32:38]} O-O
{[%clk 1:32:19]} 10. Qe2 {[%clk 1:32:15]} Nbd7 {[%clk 1:31:14]} 11. Rd1 {[%clk
1:31:42]} Rc8 {[%clk 1:28:49]} 12. Be3 {[%clk 1:30:29]} Rc7 {[%clk 0:59:39]}
13. Rac1 {[%clk 1:11:05]} Qb8 {[%clk 0:56:57]} 14. f3 {[%clk 1:08:27]} Rfc8
{[%clk 0:57:13]} 15. Nb3 {[%clk 1:08:41]} Ne5 {[%clk 0:48:29]} 16. Qf2 {[%clk
0:58:31]} b6 {[%clk 0:41:21]} 17. Nd4 {[%clk 0:58:09]} Qb7 {[%clk 0:41:45]} 18.
Qe2 {[%clk 0:57:12]} e6 {[%clk 0:31:13]} 19. f4 {[%clk 0:40:02]} Ned7 {[%clk
0:30:02]} 20. Nc6 {[%clk 0:39:44]} Nb8 {[%clk 0:30:10]} 21. Nxb8 {[%clk
0:36:25]} Qxb8 {[%clk 0:29:19]} 22. Bd4 {[%clk 0:34:01]} Rc4 {[%clk 0:27:01]}
23. b3 {[%clk 0:25:49]} Rxd4 {[%clk 0:25:57]} 24. Rxd4 {[%clk 0:26:07]} Nd5 25.
Rc4 {[%clk 0:16:13]} Nxc3 {[%clk 0:26:40]} 26. Qd3 {[%clk 0:16:31]} Rxc4 {[%clk
0:25:04]} 27. Qxc4 {[%clk 0:16:46]} d5 {[%clk 0:25:23]} 28. exd5 {[%clk
0:15:46]} exd5 {[%clk 0:25:48]} 29. Qd3 {[%clk 0:16:01]} Qxf4 {[%clk 0:26:04]}
30. Rc2 {[%clk 0:13:42]} Bd4+ {[%clk 0:21:54]} 31. Kh1 {[%clk 0:14:04]} Qe4
{[%clk 0:22:15]} 32. Qd2 {[%clk 0:13:52]} Nxb5 {[%clk 0:20:02]} 33. h3 {[%clk
0:13:37]} Nd6 {[%clk 0:19:22]} 0-1

[Event "Deutsche Ländermeisterschaft 2020"]
[Site "Berlin GER"]
[Date "2020.10.03"]
[Round "6"]
[White "Fock, Amina"]
[Black "Zackrisson, Peter"]
[Result "0-1"]
[Termination "normal"]
[Board "5.4"]
[WhiteElo "1840"]
[BlackElo "1947"]
[WhiteClock "00:24:29"]
[BlackClock "00:37:36"]
[WhiteTeam "Berlin"]
[BlackTeam "Brandenburg"]
[PlyCount "102"]
[WhiteFideId "12981982"]
[BlackFideId "16282078"]
[EventCountry "GER"]
[EventRounds "7"]
[EventType "team-swiss"]
[EventDate "2020.09.29"]

1. e4 {[%clk 1:30:58]} c5 {[%clk 1:30:53]} 2. Nc3 {[%clk 1:31:21]} Nc6 {[%clk
1:30:58]} 3. f4 {[%clk 1:29:50]} e6 {[%clk 1:31:13]} 4. Nf3 {[%clk 1:28:32]} d5
{[%clk 1:30:37]} 5. e5 {[%clk 1:26:27]} b6 {[%clk 1:29:56]} 6. Bb5 Nge7 {[%clk
1:28:52]} 7. d4 {[%clk 1:22:31]} a6 {[%clk 1:28:47]} 8. Bxc6+ {[%clk 1:20:17]}
Nxc6 {[%clk 1:28:59]} 9. Be3 {[%clk 1:18:25]} Be7 {[%clk 1:28:00]} 10. O-O
{[%clk 1:17:36]} O-O {[%clk 1:27:07]} 11. a4 {[%clk 1:14:39]} f6 {[%clk
1:25:43]} 12. Ne2 {[%clk 1:10:42]} fxe5 {[%clk 1:10:07]} 13. fxe5 {[%clk
1:07:21]} Bd7 {[%clk 1:08:48]} 14. Qd2 {[%clk 1:02:36]} Rc8 {[%clk 1:04:48]}
15. Nf4 {[%clk 0:57:24]} cxd4 {[%clk 0:38:38]} 16. Bxd4 {[%clk 0:50:02]} Bc5
{[%clk 0:38:43]} 17. c3 {[%clk 0:49:25]} Na5 {[%clk 0:38:55]} 18. Rab1 {[%clk
0:42:43]} Nb3 {[%clk 0:34:36]} 19. Qe3 {[%clk 0:42:39]} Qe8 {[%clk 0:34:57]}
20. a5 {[%clk 0:37:35]} bxa5 {[%clk 0:33:50]} 21. Bxc5 {[%clk 0:35:51]} Nxc5
{[%clk 0:33:09]} 22. Nd2 {[%clk 0:33:04]} Bb5 {[%clk 0:32:10]} 23. Rf3 {[%clk
0:31:02]} a4 {[%clk 0:30:35]} 24. h4 {[%clk 0:27:13]} Qe7 {[%clk 0:29:44]} 25.
Rh3 {[%clk 0:25:33]} Rf5 {[%clk 0:27:19]} 26. g4 {[%clk 0:21:58]} Rf7 {[%clk
0:24:56]} 27. Ne2 {[%clk 0:17:29]} Rcf8 {[%clk 0:20:49]} 28. Rf1 {[%clk
0:16:51]} Rxf1+ {[%clk 0:19:09]} 29. Nxf1 {[%clk 0:17:17]} Ne4 {[%clk 0:18:14]}
30. Rf3 {[%clk 0:11:55]} Rxf3 {[%clk 0:17:52]} 31. Qxf3 {[%clk 0:12:21]} Qxh4
{[%clk 0:17:43]} 32. Neg3 {[%clk 0:11:32]} Bxf1 {[%clk 0:16:58]} 33. Nxf1
{[%clk 0:11:57]} Qg5 {[%clk 0:16:48]} 34. Qe2 {[%clk 0:10:09]} h5 {[%clk
0:16:07]} 35. Ne3 {[%clk 0:09:57]} hxg4 {[%clk 0:13:33]} 36. Nxg4 {[%clk
0:08:45]} Qf4 {[%clk 0:13:18]} 37. Ne3 {[%clk 0:03:16]} Ng3 {[%clk 0:12:10]}
38. Qd3 {[%clk 0:03:10]} Qxe5 {[%clk 0:11:36]} 39. Kf2 {[%clk 0:01:35]} Ne4+
{[%clk 0:10:23]} 40. Ke2 {[%clk 0:00:50]} Qh2+ {[%clk 0:10:38]} 41. Ke1 {[%clk
0:00:53]} Qxb2 {[%clk 0:10:50]} 42. Nxd5 {[%clk 0:30:26]} Qf2+ {[%clk 0:35:45]}
43. Kd1 {[%clk 0:30:47]} Qg1+ {[%clk 0:36:05]} 44. Kc2 {[%clk 0:29:20]} Qg2+
{[%clk 0:36:29]} 45. Kc1 {[%clk 0:29:18]} Qh1+ {[%clk 0:36:31]} 46. Kc2 {[%clk
0:29:10]} exd5 {[%clk 0:36:51]} 47. Qxd5+ {[%clk 0:29:16]} Kh8 {[%clk 0:37:06]}
48. Qc4 {[%clk 0:23:49]} Qg2+ {[%clk 0:37:00]} 49. Kc1 {[%clk 0:23:38]} Qd2+
{[%clk 0:37:21]} 50. Kb1 {[%clk 0:24:03]} Nxc3+ {[%clk 0:37:36]} 51. Ka1 {[%clk
0:24:29]} Qc1# 0-1